La A.F.I.P. dispuso dos nuevos planes de facilidades de pago en reemplazo del R.A.F. y del R.A.F.A. (Registro nro. 15817)
[ vista simple ]
| 000 -LEADER | |
|---|---|
| fixed length control field | 00415 a2200121 4500 |
| 001 - CONTROL NUMBER | |
| control field | ART_34206 |
| 005 - DATE AND TIME OF LATEST TRANSACTION | |
| control field | 20260410161708.0 |
| 008 - FIXED-LENGTH DATA ELEMENTS--GENERAL INFORMATION | |
| fixed length control field | 260409a |
| 100 1# - MAIN ENTRY--PERSONAL NAME | |
| Personal name | Carratalá, Juan Martín |
| 245 10 - TITLE STATEMENT | |
| Title | La A.F.I.P. dispuso dos nuevos planes de facilidades de pago en reemplazo del R.A.F. y del R.A.F.A. |
| 700 1# - ADDED ENTRY--PERSONAL NAME | |
| Personal name | Albano, Horacio O. |
| 773 0# - HOST ITEM ENTRY | |
| Title | Revista Impuestos |
| Related parts | - Nº 24 (dic. 2005) |
| Record control number | REV639 |
No hay ítems disponibles.